000 00700cam a22002413a 4500
001 7374
003 PGUSA
005 20140828083144.0
008 050101s2005||||xxu|||||s|||||000 1 eng d
040 _aPGUSA
_beng
042 _adc
050 4 _aPS
100 1 _aCrawford, F. Marion
_q(Francis Marion),
_d1854-1909
245 1 3 _aAn American Politician :
_bA Novel
_h[electronic resource] /
_cF. Marion Crawford
260 _bProject Gutenberg,
_c2005
506 _aPublic domain in the USA.
516 _aElectronic text
653 _aPolitical fiction
653 _aPoliticians -- Fiction
830 0 _aProject Gutenberg
_v7374
856 4 0 _uhttp://www.gutenberg.org/ebooks/7374
942 _cEB
999 _c236694
_d236694